[Event "Final 4 of College Chess"]
[Site "Herndon USA"]
[Date "2012.03.31"]
[Round "2"]
[White "Meier, Georg"]
[Black "Quan Zhe"]
[Result "1-0"]
[WhiteElo "2647"]
[BlackElo "2427"]
[PlyCount "85"]
[EventDate "2012.03.31"]
[EventType "team"]
[EventRounds "3"]
[EventCountry "USA"]
[Source "Mark Crowther"]
[SourceDate "2012.04.02"]
[WhiteTeam "Texas Tech Uni"]
[BlackTeam "NYU"]

1. e4 c6 2. d4 d5 3. Nc3 g6 4. Nf3 Bg4 5. Bf4 Nf6 6. e5 Nfd7 7. Be2 e6 8. O-O
a6 9. Ng5 Bxe2 10. Nxe2 h6 11. Nf3 c5 12. c3 Nc6 13. h4 b5 14. Be3 Rc8 15. g3
Nb6 16. b3 Nd7 17. Rc1 a5 18. Nf4 Rg8 19. Qe2 c4 20. bxc4 bxc4 21. Rb1 Rb8 22.
Qc2 Rb6 23. Rxb6 Qxb6 24. Rb1 Qa6 25. h5 g5 26. Ne2 Rh8 27. Nh2 Kd8 28. f4 gxf4
29. Bxf4 a4 30. Ng4 Ne7 31. Ne3 Bg7 32. Kg2 a3 33. Qc1 Nc6 34. Ng4 f6 35. Bxh6
Bxh6 36. Nxh6 Rf8 37. Nf4 Re8 38. exf6 Nxf6 39. Nf7+ Kd7 40. h6 Re7 41. Ng5 Qa8
42. Ng6 Re8 43. Qf4 1-0

[Event "Final 4 of College Chess"]
[Site "Herndon USA"]
[Date "2012.04.01"]
[Round "3"]
[White "Kritz, Leonid"]
[Black "Quan Zhe"]
[Result "1-0"]
[WhiteElo "2611"]
[BlackElo "2427"]
[PlyCount "85"]
[EventDate "2012.03.31"]
[EventType "team"]
[EventRounds "3"]
[EventCountry "USA"]
[Source "Mark Crowther"]
[SourceDate "2012.04.02"]
[WhiteTeam "UMBC"]
[BlackTeam "NYU"]

1. e4 c6 2. d4 d5 3. e5 c5 4. dxc5 e6 5. Be3 Nh6 6. f4 Nd7 7. Nf3 Nf5 8. Bf2
Bxc5 9. Qd2 Qb6 10. c3 f6 11. Na3 fxe5 12. Bxc5 Qxc5 13. fxe5 Qe3+ 14. Qxe3
Nxe3 15. Kd2 Ng4 16. Re1 Ke7 17. Bd3 Nf2 18. Rhg1 Nxd3 19. Kxd3 b6 20. Nc2 Nc5+
21. Ke3 a5 22. Ncd4 Ba6 23. Rc1 Rac8 24. Rgd1 Rhf8 25. h4 h6 26. h5 Ne4 27. Rh1
Rf7 28. Rh4 Ng3 29. Rg4 Nxh5 30. Rh1 g6 31. Rxg6 Nf4 32. Rhxh6 Nxg6 33. Rxg6
Kd7 34. Rxe6 Kc7 35. g4 Rg8 36. Rc6+ Kb7 37. g5 Bf1 38. Rf6 Rh7 39. Kf4 Bd3 40.
e6 Rgg7 41. Nf5 Bxf5 42. Kxf5 Kc6 43. Rf8 1-0

[Event "Manhattan op"]
[Site "New York USA"]
[Date "2011.08.20"]
[Round "6"]
[White "Bonin, Jay"]
[Black "Quan Zhe"]
[Result "1/2-1/2"]
[WhiteElo "2323"]
[BlackElo "2412"]
[PlyCount "82"]
[EventDate "2011.08.17"]
[EventType "swiss"]
[EventRounds "9"]
[EventCountry "USA"]
[Source "Mark Crowther"]
[SourceDate "2011.08.22"]

1. d4 Nf6 2. Nf3 g6 3. c4 c5 4. Nc3 cxd4 5. Nxd4 Bg7 6. e4 O-O 7. Be3 Nc6 8.
Be2 d6 9. O-O Nxd4 10. Bxd4 Be6 11. Qd2 Qa5 12. Rfd1 Rfc8 13. b3 a6 14. f3 Nd7
15. Bxg7 Kxg7 16. Na4 Qxd2 17. Rxd2 Rab8 18. f4 b5 19. Nb2 bxc4 20. Bxc4 Bxc4
21. Nxc4 Nb6 22. Nxb6 Rxb6 23. Re1 Rb4 24. g3 Rc5 25. Re3 Kf6 26. a3 Rbb5 27.
b4 Rc1+ 28. Kg2 a5 29. bxa5 Rxa5 30. h4 h6 31. g4 g5 32. fxg5+ hxg5 33. h5 Rc4
34. Kf3 Ra6 35. Rd5 e5 36. Red3 Ke6 37. Rb5 Rc1 38. Rb8 Ra1 39. Re8+ Kf6 40.
Rd8 Ke7 41. Rg8 R6xa3 1/2-1/2

[Event "PanAm Intercoll."]
[Site "South Padre Island USA"]
[Date "2009.12.28"]
[Round "2"]
[White "Quan Zhe"]
[Black "Cruz, D."]
[Result "1-0"]
[WhiteElo "2416"]
[BlackElo "2251"]
[PlyCount "65"]
[EventDate "2009.12.27"]
[EventType "team"]
[EventRounds "6"]
[EventCountry "USA"]
[Source "Mark Crowther"]
[SourceDate "2010.01.04"]

1. d4 Nf6 2. Nf3 e6 3. Bg5 d5 4. Nbd2 Be7 5. e3 c5 6. c3 Nc6 7. Bd3 Nd7 8. Bf4
Bf6 9. O-O O-O 10. Bd6 Be7 11. Bg3 Bf6 12. Rb1 h6 13. b4 c4 14. Bc2 b5 15. a4
bxa4 16. Bxa4 Bb7 17. Bd6 Be7 18. Bxe7 Qxe7 19. Qc2 Nb6 20. Bxc6 Bxc6 21. Ra1
Rfb8 22. Ra5 a6 23. Ne5 Be8 24. f4 f6 25. Nef3 Nc8 26. Qa2 Rb6 27. e4 Bf7 28.
Re1 Qd7 29. e5 f5 30. Ra1 Be8 31. Qa3 Qb7 32. h3 Rb5 33. Rxa6 1-0

[Event "PanAm Intercoll."]
[Site "South Padre Island USA"]
[Date "2009.12.28"]
[Round "3"]
[White "Kritz, Leonid"]
[Black "Quan Zhe"]
[Result "1-0"]
[WhiteElo "2607"]
[BlackElo "2416"]
[PlyCount "103"]
[EventDate "2009.12.27"]
[EventType "team"]
[EventRounds "6"]
[EventCountry "USA"]
[Source "Mark Crowther"]
[SourceDate "2010.01.04"]

1. e4 c5 2. Nf3 d6 3. d4 cxd4 4. Nxd4 Nf6 5. Nc3 a6 6. Bg5 e6 7. f4 Be7 8. Qf3
Qc7 9. O-O-O Nbd7 10. Bd3 h6 11. Bh4 g5 12. fxg5 Ne5 13. Qe2 Nfg4 14. Nf3 hxg5
15. Bg3 Bd7 16. h3 Nxf3 17. hxg4 Nh4 18. e5 d5 19. Bf2 O-O-O 20. Bd4 Rhg8 21.
g3 Ng6 22. Qe3 Rdf8 23. Rh7 Qc6 24. Rf1 Nh8 25. Ba7 b5 26. Kb1 Bb4 27. Qd4 Be7
28. a3 Kb7 29. Ne4 Rc8 30. b4 Qc7 31. Nf6 Rgd8 32. Qe3 a5 33. Bc5 Bxc5 34. bxc5
b4 35. axb4 axb4 36. Qd4 Kc6 37. Rh6 Qa5 38. Nxd5 Qxc5 39. Nxb4+ Kb6 40. Qb2
Bb5 41. Rc1 Ka5 42. Qa2+ Ba4 43. c3 Rd4 44. Bc2 Rxb4+ 45. cxb4+ Qxb4+ 46. Qb2
Rb8 47. Qxb4+ Kxb4 48. Bxa4 Kxa4+ 49. Kc2 Rc8+ 50. Kd2 Rd8+ 51. Ke3 Ng6 52. Ke4
1-0

[Event "PanAm Intercoll."]
[Site "South Padre Island USA"]
[Date "2009.12.29"]
[Round "4"]
[White "Quan Zhe"]
[Black "Gareev, Timur"]
[Result "0-1"]
[WhiteElo "2416"]
[BlackElo "2590"]
[PlyCount "72"]
[EventDate "2009.12.27"]
[EventType "team"]
[EventRounds "6"]
[EventCountry "USA"]
[Source "Mark Crowther"]
[SourceDate "2010.01.04"]

1. d4 Nf6 2. Nf3 e6 3. Bg5 c5 4. e3 Be7 5. Nbd2 b6 6. c3 Bb7 7. Bd3 cxd4 8.
exd4 d6 9. O-O Nbd7 10. a4 a6 11. Re1 O-O 12. h3 Re8 13. Nc4 Qc7 14. Ne3 Nf8
15. Nd2 Ng6 16. Bxf6 Bxf6 17. g3 Nf8 18. h4 g6 19. h5 Bg7 20. Be4 Nd7 21. Qf3
d5 22. Bd3 Rad8 23. Qh1 Nc5 24. hxg6 hxg6 25. Bc2 f5 26. Nf3 Ne4 27. Ng2 Bf6
28. Nf4 Kg7 29. Qg2 Qd6 30. Nd3 Rh8 31. Nfe5 Rh6 32. f3 Rdh8 33. fxe4 dxe4 34.
Nf4 Bxe5 35. dxe5 Rh1+ 36. Qxh1 Qc5+ 0-1

[Event "PanAm Intercoll."]
[Site "South Padre Island USA"]
[Date "2009.12.29"]
[Round "5"]
[White "Del Castilho, Martyn"]
[Black "Quan Zhe"]
[Result "0-1"]
[WhiteElo "2213"]
[BlackElo "2416"]
[PlyCount "102"]
[EventDate "2009.12.27"]
[EventType "team"]
[EventRounds "6"]
[EventCountry "USA"]
[Source "Mark Crowther"]
[SourceDate "2010.01.04"]

1. d4 d6 2. c4 e5 3. Nf3 Nd7 4. Nc3 Ngf6 5. g3 Be7 6. Bg2 c6 7. O-O O-O 8. e4
a6 9. d5 Qc7 10. Qe2 Rb8 11. Bd2 Re8 12. h3 b5 13. dxc6 Qxc6 14. cxb5 axb5 15.
Rfc1 Qb7 16. Ne1 Nc5 17. Nc2 Ne6 18. Nd5 Bd7 19. Ncb4 Nxd5 20. Nxd5 Bc6 21. Bb4
Rec8 22. Qd3 Bf8 23. Rc3 Nc5 24. Qd2 f6 25. Rac1 Ra8 26. a3 Ra7 27. h4 Qf7 28.
Kh2 Kh8 29. Ba5 Rxa5 30. Rxc5 dxc5 31. Qxa5 Qb7 32. Rd1 Ra8 33. Qe1 Qf7 34. Qe2
Ra4 35. Nc3 Rd4 36. Rxd4 exd4 37. Nxb5 Qd7 38. Bf1 f5 39. exf5 Qd5 40. f3 Qxf5
41. Kg2 h5 42. a4 g5 43. hxg5 Qxg5 44. Qe6 Bd5 45. Qe8 Qf5 46. Qe2 h4 47. gxh4
Qg4+ 48. Kh2 Bxf3 49. Qe5+ Bg7 50. Qe8+ Kh7 51. h5 Qh4+ 0-1

[Event "CAN-op"]
[Site "Edmonton CAN"]
[Date "2009.07.15"]
[Round "5.9"]
[White "Quan Zhe"]
[Black "Pechenkin, Vladimir"]
[Result "0-1"]
[WhiteElo "2465"]
[BlackElo "2366"]
[PlyCount "98"]
[EventDate "2009.07.11"]
[EventType "swiss"]
[EventRounds "9"]
[EventCountry "CAN"]

1. d4 f5 2. g3 Nf6 3. Bg2 e6 4. c4 Be7 5. Nf3 d6 6. O-O O-O 7. b4 Ne4 8. Bb2 a5
9. b5 a4 10. Qc2 c6 11. bxc6 bxc6 12. Nbd2 Nxd2 13. Nxd2 Qc7 14. Rfe1 Nd7 15.
e4 f4 16. Nf3 e5 17. c5 dxc5 18. dxe5 a3 19. Bc3 Nb6 20. e6 fxg3 21. hxg3 Bxe6
22. Be5 Qc8 23. Rac1 Nc4 24. Bf4 Nb2 25. Bg5 Qd8 26. Bxe7 Qxe7 27. Ne5 Qc7 28.
f4 Ra5 29. Qc3 Rfa8 30. f5 Bxa2 31. f6 Be6 32. Rf1 c4 33. f7+ Kf8 34. Qb4+ c5
35. Qc3 Na4 36. Qa1 Nb2 37. Nf3 Qxg3 38. Rc2 Bxf7 39. e5 Kg8 40. Re1 Bd5 41.
Re3 Bxf3 42. Rf2 Rf8 43. e6 Qxf2+ 44. Kxf2 Nd1+ 45. Kg3 Nxe3 46. Bxf3 Nf5+ 47.
Kh3 a2 48. Bd5 Ra3+ 49. Kh2 Ne7 0-1

[Event "CAN-op"]
[Site "Edmonton CAN"]
[Date "2009.07.16"]
[Round "6"]
[White "Grumic, Sasa"]
[Black "Quan Zhe"]
[Result "0-1"]
[WhiteElo "2174"]
[BlackElo "2465"]
[PlyCount "94"]
[EventDate "2009.07.11"]
[EventType "swiss"]
[EventRounds "9"]
[EventCountry "CAN"]

1. e4 c5 2. Nf3 d6 3. d4 cxd4 4. Nxd4 Nf6 5. Nc3 a6 6. Be3 e5 7. Nb3 Be6 8. f3
Be7 9. g4 O-O 10. g5 Nh5 11. Qd2 Nd7 12. O-O-O Qc7 13. Nd5 Bxd5 14. exd5 a5 15.
Kb1 a4 16. Nc1 Nb6 17. Rg1 Nf4 18. Bxf4 exf4 19. h4 Rfc8 20. Rg2 g6 21. h5 a3
22. b3 Qc3 23. Qxc3 Rxc3 24. Ne2 Rxf3 25. c4 Nd7 26. Nd4 Re3 27. hxg6 hxg6 28.
Nb5 Nc5 29. Re2 Rxe2 30. Bxe2 Ne4 31. Bf1 Nxg5 32. c5 dxc5 33. d6 Rd8 34. Kc2
Bf6 35. b4 Ne6 36. Rd5 cxb4 37. Kb3 Bc3 38. Kc2 Kg7 39. Bh3 f5 40. Bg2 Kf6 41.
Rd3 Nc5 42. Rh3 Be5 43. Nc7 b3+ 44. Kb1 bxa2+ 45. Kxa2 Bxd6 46. Nd5+ Kg7 47.
Kxa3 Rh8 0-1

[Event "CAN-op"]
[Site "Edmonton CAN"]
[Date "2009.07.17"]
[Round "7.10"]
[White "Quan Zhe"]
[Black "Haynes, Nicolas"]
[Result "1-0"]
[WhiteElo "2465"]
[BlackElo "2290"]
[PlyCount "165"]
[EventDate "2009.07.11"]
[EventType "swiss"]
[EventRounds "9"]
[EventCountry "CAN"]

1. d4 f5 2. g3 Nf6 3. Bg2 g6 4. Nf3 Bg7 5. O-O d6 6. b4 O-O 7. Bb2 c6 8. c4 Qe8
9. a4 h6 10. Nbd2 Nbd7 11. Qb3 Kh7 12. Rfe1 Qf7 13. Qc2 d5 14. Nb3 Ne4 15. e3
Nb6 16. cxd5 Nxd5 17. Ba3 Be6 18. Nc5 b6 19. Nxe6 Qxe6 20. Nd2 Ndf6 21. Nxe4
Nxe4 22. Rac1 Rac8 23. Qc4 Qd6 24. Re2 b5 25. Qa2 e5 26. dxe5 Bxe5 27. Rec2 a6
28. Bb2 Bxb2 29. Qxb2 bxa4 30. Qa1 Qxb4 31. Rc4 Qd2 32. R1c2 Qd5 33. Rd4 Qe6
34. Rxa4 Qf6 35. Qa3 Rfd8 36. h3 Qd6 37. Qxd6 Rxd6 38. Rxa6 c5 39. Ra7+ Kg8 40.
Bxe4 fxe4 41. Re7 c4 42. Rxe4 c3 43. Kg2 Kf7 44. Kf3 Kf6 45. Ke2 Rc7 46. h4 h5
47. Rd4 Rdc6 48. e4 Rc8 49. Ke3 R8c7 50. Kf4 Rc5 51. Rd6+ Kf7 52. Ke3 Rc8 53.
f4 R8c7 54. Kf3 Rb5 55. Rd3 Rbc5 56. g4 hxg4+ 57. Kxg4 Rc4 58. Re3 R7c5 59. e5
Kg7 60. Kg5 Kf7 61. Rd3 Rc6 62. Rf3 R6c5 63. h5 gxh5 64. Kf5 Rc8 65. Rg3 h4 66.
e6+ Kf8 67. Rg4 Ke7 68. Rg7+ Kd6 69. Rd7+ Kc6 70. Ke5 Rf8 71. Rf7 Rd8 72. e7
Rd5+ 73. Kf6 Rxf4+ 74. Kg7 Re4 75. Kf8 Rd3 76. e8=Q+ Rxe8+ 77. Kxe8 Kc5 78. Rf4
h3 79. Ke7 Kd5 80. Kf6 Rd4 81. Rf3 Rh4 82. Rh2 c2 83. Rc3 1-0

[Event "CAN-op"]
[Site "Edmonton CAN"]
[Date "2009.07.18"]
[Round "8.4"]
[White "Ganguly, Surya Shekhar"]
[Black "Quan Zhe"]
[Result "1-0"]
[WhiteElo "2604"]
[BlackElo "2465"]
[PlyCount "43"]
[EventDate "2009.07.11"]
[EventType "swiss"]
[EventRounds "9"]
[EventCountry "CAN"]

1. e4 c5 2. Nf3 d6 3. d4 cxd4 4. Nxd4 Nf6 5. Nc3 a6 6. h3 e6 7. g4 b5 8. Bg2
Bb7 9. O-O h6 10. Re1 Nbd7 11. e5 Bxg2 12. exf6 Bb7 13. fxg7 Bxg7 14. Nf5 Be5
15. Nxd6+ Bxd6 16. Qxd6 Qh4 17. Nd5 Bxd5 18. Qxd5 Rc8 19. Bf4 Qf6 20. Bg3 Rxc2
21. Rad1 Qd8 22. Rxe6+ 1-0

[Event "CAN-op"]
[Site "Edmonton CAN"]
[Date "2009.07.19"]
[Round "9.12"]
[White "Quan Zhe"]
[Black "Haessel, Dale"]
[Result "1-0"]
[WhiteElo "2465"]
[BlackElo "2276"]
[PlyCount "129"]
[EventDate "2009.07.11"]
[EventType "swiss"]
[EventRounds "9"]
[EventCountry "CAN"]

1. d4 Nf6 2. Nf3 g6 3. Bg5 Bg7 4. Nbd2 d5 5. e3 O-O 6. Be2 c5 7. c3 cxd4 8.
exd4 Nc6 9. O-O a5 10. a4 b6 11. Bb5 Bb7 12. Re1 h6 13. Bh4 e6 14. Ne5 Qc8 15.
Bxf6 Bxf6 16. f4 Kg7 17. Qe2 Nxe5 18. fxe5 Bd8 19. g3 Ba6 20. Ra3 Bxb5 21. Qxb5
Rb8 22. Re2 Be7 23. Ra1 Qe8 24. Kg2 Qxb5 25. axb5 Rfc8 26. Kf2 Rc7 27. Nf3 Ra8
28. Ra4 Rac8 29. Ke3 Kf8 30. Kd3 Ke8 31. g4 Kd7 32. Ra1 Rh8 33. h4 h5 34. g5
Rhc8 35. Ne1 Ra7 36. Ra4 Ke8 37. Nc2 Rac7 38. Ne3 Rd7 39. Rc2 Rcc7 40. Ra2 Ra7
41. b3 Rac7 42. Nd1 Kd8 43. Nb2 Kc8 44. Na4 Kb7 45. Rf2 Bf8 46. Rac2 Ka7 47.
Rf4 Rb7 48. Ra2 Kb8 49. Raf2 Ba3 50. Rf1 Bf8 51. c4 Bb4 52. cxd5 exd5 53. Rf6
Ka7 54. e6 fxe6 55. Rxe6 Rf7 56. Rxf7 Rxf7 57. Nxb6 Rf3+ 58. Ke2 Rf4 59. Ke3
Rxh4 60. Nxd5 Rh3+ 61. Ke4 Rxb3 62. Rxg6 h4 63. Rh6 Bd2 64. Rh7+ Kb8 65. g6 1-0

[Event "Chicago op"]
[Site "Chicago USA"]
[Date "2008.05.23"]
[Round "1"]
[White "Vardaraj, S."]
[Black "Quan Zhe"]
[Result "0-1"]
[WhiteElo "2086"]
[BlackElo "2390"]
[PlyCount "86"]
[EventDate "2008.05.23"]
[EventType "swiss"]
[EventRounds "7"]
[EventCountry "USA"]
[Source "Mark Crowther"]
[SourceDate "2008.05.26"]

1. e4 c5 2. Nf3 d6 3. d4 cxd4 4. Nxd4 Nf6 5. Nc3 a6 6. Be2 e5 7. Nb3 Be6 8. O-O
Be7 9. Be3 O-O 10. f4 exf4 11. Bxf4 Nc6 12. Kh1 Ne5 13. Qd4 Qc7 14. Rac1 Rfe8
15. Nd5 Bxd5 16. exd5 Nfd7 17. c4 b6 18. Qd2 Ng6 19. Bg3 Bf6 20. Rc2 Nc5 21.
Nxc5 bxc5 22. Bf3 Rab8 23. b3 Re7 24. Qd3 Rbe8 25. Qf5 Bh4 26. Qg4 Bxg3 27.
Qxg3 a5 28. Qf2 Ne5 29. h3 g6 30. Qd2 f5 31. Kh2 Qd8 32. Qg5 Rf7 33. Qd2 h5 34.
Rc3 Kg7 35. a3 Qh4 36. Bd1 f4 37. Kg1 Ref8 38. Bf3 g5 39. Be4 g4 40. Qe2 f3 41.
Qe3 gxh3 42. Bxf3 Rxf3 43. Rxf3 Rxf3 0-1

[Event "Chicago op"]
[Site "Chicago USA"]
[Date "2008.05.26"]
[Round "7"]
[White "Quan Zhe"]
[Black "Paragua, Mark"]
[Result "1/2-1/2"]
[WhiteElo "2390"]
[BlackElo "2538"]
[PlyCount "71"]
[EventDate "2008.05.23"]
[EventType "swiss"]
[EventRounds "7"]
[EventCountry "USA"]
[Source "Mark Crowther"]
[SourceDate "2008.06.02"]

1. d4 d5 2. c4 c6 3. Nc3 Nf6 4. e3 e6 5. Nf3 a6 6. a3 c5 7. dxc5 Bxc5 8. b4 Be7
9. cxd5 exd5 10. Bb2 O-O 11. Be2 Nc6 12. O-O Be6 13. Nd4 Rc8 14. Rc1 Qd7 15.
Nxc6 Rxc6 16. b5 Rd6 17. Na4 axb5 18. Nc5 Qe8 19. Qb3 Ne4 20. Bxb5 Nxc5 21.
Rxc5 d4 22. Qd3 dxe3 23. Qxe3 Qd8 24. Qg3 f6 25. Rcc1 Kh8 26. a4 Rd5 27. Qc7
Bd6 28. Qxd8 Rxd8 29. Rfe1 Bg8 30. g3 Bc5 31. Bc3 b6 32. Rc2 Rd1 33. Rce2 Rxe1+
34. Rxe1 Bb3 35. a5 bxa5 36. Bxa5 1/2-1/2

[Event "4 city match"]
[Site "Kingston CAN"]
[Date "2005.09.10"]
[Round "1"]
[White "Quan Zhe"]
[Black "Tremblay, Rejean"]
[Result "1-0"]
[WhiteElo "2382"]
[BlackElo "2078"]
[PlyCount "109"]
[EventDate "2005.09.10"]
[EventType "team"]
[EventRounds "3"]
[EventCountry "CAN"]

1. d4 Nf6 2. c4 g6 3. Nc3 Bg7 4. e4 d6 5. f3 O-O 6. Be3 b6 7. Qd2 c5 8. d5 Nbd7
9. Nh3 Ne5 10. Nf2 e6 11. Be2 exd5 12. cxd5 a6 13. a4 Re8 14. O-O Ra7 15. Rab1
Rae7 16. b4 Ned7 17. Nd3 h5 18. bxc5 bxc5 19. Bg5 Qa5 20. Rfc1 Qc7 21. Bf1 Nf8
22. e5 Rxe5 23. Nxe5 Rxe5 24. Bf4 Re8 25. Re1 N8d7 26. Rxe8+ Nxe8 27. Ne4 Ne5
28. a5 Qd8 29. Kh1 f5 30. Ng5 Nc7 31. Rb6 Na8 32. Rb8 Nc7 33. Ne6 Nxe6 34. Bxa6
Bxa6 35. Rxd8+ Nxd8 36. Bxe5 Bxe5 37. Qg5 Nf7 38. Qxg6+ Kf8 39. Qxf5 c4 40. Qd7
c3 41. Qc6 Bd3 42. a6 Bd4 43. a7 Bxa7 44. Qxc3 Bh7 45. Qf6 Bc5 46. h4 Bd3 47.
g4 hxg4 48. fxg4 Be4+ 49. Kh2 Bxd5 50. g5 Kg8 51. g6 Ne5 52. Kg3 Be4 53. h5 Ba3
54. h6 Bxg6 55. Qg7# 1-0

[Event "4 city match"]
[Site "Kingston CAN"]
[Date "2005.09.10"]
[Round "3"]
[White "Taylor, Gordon"]
[Black "Quan Zhe"]
[Result "1-0"]
[WhiteElo "2357"]
[BlackElo "2392"]
[PlyCount "117"]
[EventDate "2005.09.10"]
[EventType "team"]
[EventRounds "3"]
[EventCountry "CAN"]

1. d4 Nf6 2. c4 c5 3. Nf3 cxd4 4. Nxd4 e5 5. Nb5 d5 6. cxd5 Bc5 7. N5c3 O-O 8.
e3 e4 9. Be2 Qe7 10. a3 Rd8 11. b4 Bd6 12. Bb2 a5 13. b5 Nbd7 14. Nd2 Nb6 15.
Nc4 Nxc4 16. Bxc4 Bf5 17. Be2 Be5 18. Qb3 a4 19. Qc2 Rac8 20. Qd2 Bxc3 21. Bxc3
Nxd5 22. Bd4 Qg5 23. Kf1 Bg4 24. Bxg4 Qxg4 25. h3 Qd7 26. Qb2 f5 27. g3 f4 28.
gxf4 Nxf4 29. exf4 Qxd4 30. Qxd4 Rxd4 31. Kg2 Rd5 32. Rhe1 Rcc5 33. Rac1 Rxc1
34. Rxc1 Rxb5 35. Rc4 Rb2 36. Rxe4 b5 37. Re7 Rb3 38. Rb7 h6 39. f5 Rxa3 40.
Rxb5 Rb3 41. Ra5 a3 42. Ra7 h5 43. h4 Kf8 44. Kh2 Kg8 45. Kg2 Rc3 46. Kh2 Rc2
47. Rxa3 Rxf2+ 48. Kg3 Rxf5 49. Rb3 Kh7 50. Ra3 Re5 51. Rb3 Kg6 52. Rf3 Rd5 53.
Kh3 Rf5 54. Ra3 Re5 55. Rf3 Re4 56. Kg3 Kh6 57. Kh3 Rg4 58. Rf8 Rg6 59. Rh8#
1-0

[Event "Guelph int"]
[Site "Guelph CAN"]
[Date "2005.07.28"]
[Round "1"]
[White "Quan Zhe"]
[Black "Patterson, Roger"]
[Result "0-1"]
[WhiteElo "2382"]
[BlackElo "2179"]
[PlyCount "58"]
[EventDate "2005.07.28"]
[EventType "swiss"]
[EventRounds "9"]
[EventCountry "CAN"]

1. d4 Nf6 2. c4 e6 3. Nf3 b6 4. g3 Bb7 5. Bg2 d5 6. cxd5 exd5 7. O-O Be7 8. Nc3
O-O 9. Bf4 Na6 10. Rc1 c5 11. dxc5 bxc5 12. Ne5 Nc7 13. Nc4 Ne6 14. Be5 Ne4 15.
Nxe4 dxe4 16. Nd6 Bxd6 17. Bxd6 Re8 18. Bxc5 Qa5 19. Ba3 Rad8 20. Qe1 Qh5 21.
Kh1 Ba6 22. f3 e3 23. Rc3 Nd4 24. Rc5 Qh6 25. h4 Bxe2 26. Rg1 Bxf3 27. Kh2 Bxg2
28. Kxg2 Qd6 29. Rf1 Nc2 0-1

[Event "Guelph int"]
[Site "Guelph CAN"]
[Date "2005.07.28"]
[Round "2"]
[White "Plotkin, Victor"]
[Black "Quan Zhe"]
[Result "1/2-1/2"]
[WhiteElo "2192"]
[BlackElo "2382"]
[PlyCount "145"]
[EventDate "2005.07.28"]
[EventType "swiss"]
[EventRounds "9"]
[EventCountry "CAN"]

1. e4 c5 2. c3 d5 3. exd5 Qxd5 4. d4 Nf6 5. Nf3 e6 6. Be3 cxd4 7. cxd4 Be7 8.
Nc3 Qd6 9. Bc4 O-O 10. O-O a6 11. Ne5 Nc6 12. Nxc6 bxc6 13. Rc1 a5 14. Qe2 Nd5
15. Ne4 Qd7 16. Rfd1 Qa7 17. Bd3 Ba6 18. a3 Rfc8 19. Rc2 Bxd3 20. Qxd3 Qa6 21.
Qd2 Qb6 22. Rdc1 Rab8 23. h3 h6 24. Nc3 Nxc3 25. Qxc3 Bf6 26. Qd3 Rd8 27. d5
Qb7 28. d6 Qb5 29. Qxb5 cxb5 30. Rd2 Rd7 31. Rc6 Bd8 32. b3 Kf8 33. Rdc2 Ke8
34. Ra6 Rdb7 35. Bd2 Rb6 36. Rxa5 Rxd6 37. Bf4 Rd1+ 38. Kh2 Bxa5 39. Bxb8 Rd3
40. Rb2 Kd7 41. g3 Kc6 42. Kg2 f6 43. Ba7 Bc3 44. Re2 Kd5 45. Re3 Rxe3 46. Bxe3
Bb2 47. a4 bxa4 48. bxa4 Bc3 49. Kf3 h5 50. g4 hxg4+ 51. Kxg4 g6 52. h4 Ba5 53.
h5 f5+ 54. Kg5 gxh5 55. Kxh5 Ke4 56. Kg5 e5 57. Ba7 Bd8+ 58. Kg6 f4 59. Bb8 f3
60. Ba7 Ba5 61. Kg5 Kd3 62. Kg4 e4 63. Be3 Ke2 64. Kf4 Be1 65. Kxe4 Bxf2 66.
Bf4 Bb6 67. Bg3 Bd8 68. Be1 Bc7 69. Bh4 Bb6 70. Bg3 Bf2 71. Bf4 Be1 72. Be3 Bc3
73. Bc5 1/2-1/2

[Event "Guelph int"]
[Site "Guelph CAN"]
[Date "2005.07.29"]
[Round "4"]
[White "Henry, Liam"]
[Black "Quan Zhe"]
[Result "0-1"]
[WhiteElo "2115"]
[BlackElo "2382"]
[PlyCount "162"]
[EventDate "2005.07.28"]
[EventType "swiss"]
[EventRounds "9"]
[EventCountry "CAN"]

1. e4 c5 2. Nf3 d6 3. d4 cxd4 4. Nxd4 Nf6 5. Nc3 a6 6. Bc4 e6 7. Bb3 Nbd7 8. f4
Nc5 9. O-O Be7 10. e5 dxe5 11. fxe5 Nxb3 12. axb3 Bc5 13. Be3 Nd5 14. Bf2 Nxc3
15. bxc3 O-O 16. b4 Be7 17. Nb5 Bd7 18. Nd6 Bc6 19. Qg4 Bxd6 20. exd6 Qxd6 21.
Bc5 Qd2 22. Rf2 Qd5 23. Bxf8 Rxf8 24. Rd1 Qb5 25. h4 a5 26. bxa5 Qxa5 27. Rd3
Qe5 28. Rfd2 h6 29. Re2 Qf6 30. Rg3 Rd8 31. Rf2 Qe5 32. Re2 Qc5+ 33. Kh2 Qf8
34. Rf2 g6 35. Qf4 Qg7 36. Rd3 Re8 37. Qc7 f5 38. Qd6 Qf6 39. Rf4 Kf7 40. Qc7+
Re7 41. Qb8 Re8 42. Qc7+ Qe7 43. Qe5 g5 44. Rfd4 gxh4 45. Qf4 Qg5 46. Rd7+ Bxd7
47. Rxd7+ Re7 48. Rxe7+ Qxe7 49. Qxh6 Qd6+ 50. Kh1 Qe7 51. Qh7+ Ke8 52. Qh8+
Kd7 53. Qd4+ Kc6 54. Qc4+ Kb6 55. Qd4+ Kb5 56. Qe5+ Kc6 57. Qb8 Qd7 58. Qa8 Kd5
59. Qa2+ Ke4 60. Qc4+ Ke3 61. Qxh4 Kd2 62. Qf2+ Kxc3 63. Qc5+ Kb2 64. c4 Kc3
65. Kh2 Qc6 66. Qa5+ Kxc4 67. Qa2+ Kc5 68. Qa5+ Kd6 69. Qd8+ Qd7 70. Qb6+ Ke7
71. Qe3 Qd5 72. Qg5+ Kd7 73. Qg7+ Kc8 74. Qf8+ Qd8 75. Qh6 Qd6+ 76. Kh1 b5 77.
Qc1+ Kb7 78. Qb2 b4 79. Qb3 Kb6 80. Qe3+ Ka5 81. Qe2 b3 0-1

[Event "Guelph int"]
[Site "Guelph CAN"]
[Date "2005.07.30"]
[Round "5"]
[White "Quan Zhe"]
[Black "Aronov, Yuri"]
[Result "1-0"]
[WhiteElo "2382"]
[BlackElo "2220"]
[PlyCount "85"]
[EventDate "2005.07.28"]
[EventType "swiss"]
[EventRounds "9"]
[EventCountry "CAN"]

1. d4 Nf6 2. c4 g6 3. Nc3 Bg7 4. e4 d6 5. f3 O-O 6. Be3 c5 7. Nge2 Nc6 8. d5
Ne5 9. Ng3 e6 10. Be2 exd5 11. cxd5 a6 12. a4 h5 13. O-O h4 14. Nh1 Nh7 15. Nf2
f5 16. Qd2 Qf6 17. f4 Nf7 18. Rae1 fxe4 19. Nfxe4 Qd8 20. Bd3 Nh6 21. Ng5 Nxg5
22. fxg5 Rxf1+ 23. Rxf1 Nf5 24. Bf2 Bd7 25. Bxf5 Bxf5 26. Bxh4 b5 27. Bg3 bxa4
28. h4 Rb8 29. h5 Bd4+ 30. Bf2 Be5 31. Re1 a3 32. bxa3 Qa5 33. Rxe5 dxe5 34. d6
c4 35. h6 Rd8 36. Be3 Kh7 37. Nd5 Qxd2 38. Nf6+ Kh8 39. Bxd2 Rxd6 40. Bc3 Rd3
41. Bxe5 Rxa3 42. Nd7+ Kg8 43. Nf8 1-0

[Event "Guelph int"]
[Site "Guelph CAN"]
[Date "2005.07.31"]
[Round "8"]
[White "Mikanovic, Goran"]
[Black "Quan Zhe"]
[Result "0-1"]
[WhiteElo "2282"]
[BlackElo "2382"]
[PlyCount "134"]
[EventDate "2005.07.28"]
[EventType "swiss"]
[EventRounds "9"]
[EventCountry "CAN"]

1. d4 Nf6 2. c4 g6 3. Nc3 Bg7 4. e4 d6 5. Nf3 O-O 6. Be2 e5 7. Be3 Ng4 8. Bg5
f6 9. Bc1 Nd7 10. O-O Nh6 11. d5 Nf7 12. b4 f5 13. Qc2 Nf6 14. Bd3 f4 15. c5 g5
16. Ba3 g4 17. Nd2 f3 18. g3 Ng5 19. Rfb1 h5 20. Kf1 h4 21. Ke1 hxg3 22. hxg3
Nh3 23. Nf1 Nh5 24. Bc1 N5f4 25. Nd1 Qg5 26. Nde3 Qh5 27. Rb3 Bd7 28. a4 Ne2
29. Bb2 Bf6 30. Bxe2 fxe2 31. Kxe2 Bg5 32. Nf5 Bxf5 33. exf5 Bh6 34. Ne3 Bxe3
35. fxe3 Rxf5 36. Kd3 Rf2 37. Qb1 Raf8 38. Kc4 Ng5 39. Rd3 Qg6 40. Rd1 Ne4 41.
Bc3 c6 42. Kb3 cxd5 43. Rxd5 dxc5 44. Rxe5 Qf7+ 45. Ka3 Qc4 46. Rxc5 Qe6 47.
Rc7 R8f7 48. Rxf7 Rxf7 49. Qd3 Nd6 50. Rh1 Kf8 51. Rh8+ Ke7 52. Kb2 Qc4 53.
Qxc4 Nxc4+ 54. Kb3 Nxe3 55. Rg8 Rf3 56. Be5 Ke6 57. Bb8 a6 58. b5 axb5 59. axb5
Kd5 60. Kb4 b6 61. Rd8+ Ke4 62. Kc3 Nd5+ 63. Kd2 Rf2+ 64. Ke1 Rb2 65. Rg8 Kd3
66. Ba7 Rxb5 67. Rxg4 Ne3 0-1

[Event "Guelph int"]
[Site "Guelph CAN"]
[Date "2005.08.01"]
[Round "9"]
[White "Quan Zhe"]
[Black "Matveeva, Svetlana"]
[Result "1/2-1/2"]
[WhiteElo "2382"]
[BlackElo "2419"]
[PlyCount "53"]
[EventDate "2005.07.28"]
[EventType "swiss"]
[EventRounds "9"]
[EventCountry "CAN"]

1. d4 d5 2. c4 dxc4 3. e3 e6 4. Bxc4 Nf6 5. Nf3 c5 6. O-O a6 7. dxc5 Qxd1 8.
Rxd1 Bxc5 9. Nbd2 O-O 10. Be2 Rd8 11. b3 b6 12. Bb2 Bb7 13. Nc4 Nc6 14. Rac1
Rxd1+ 15. Rxd1 Rd8 16. Rxd8+ Nxd8 17. Nfe5 b5 18. Nd3 Be7 19. Na5 Bd5 20. f3
Nb7 21. Bc3 Nxa5 22. Bxa5 Nd7 23. Kf2 e5 24. e4 Bb7 25. g3 f6 26. Ke3 Kf7 27.
Bf1 1/2-1/2